000 00759nam a2200253Ia 4500
003 OSt
005 20220925205013.0
006 a|||||r|||| 00| 0
007 ta
008 220923b |||||||| |||| 00| 0 eng d
020 _a0333633857
037 _cGeneral Book
040 _aRTL
_cRTL
_beng
041 _2eng
_aeng
082 _aX9:2.41.N9, N6
100 _aWu Yanrui
_9269444
245 0 _aProductive performance in Chinese enterprises
_b An empirical study
260 _aHampshire
_bMacmillan
_c1996
300 _axiii, 188p. Bib p 163-79; Appendix p 145-54.
_ccm.
490 _aStudies on the Chinese Economy.
650 _aProduction
942 _hX9:2.41.N9, N6
_cGB
_2CC
999 _c550975
_d550975